Australian black coal : its occurrence, mining, preparation, and use /

Bibliographic Details
Corporate Authors: Symposium on "Australian Black Coal, its Occurrence, Mining, Preparation, and Use" University of Wollongong, Australasian Institute of Mining and Metallurgy. Illawarra Branch
Other Authors: Cook, A. C. (Alan C.)
Format: Conference Proceeding Book
Language:English
Published: Wollongong, N.S.W. : Australasian Institute of Mining and Metallurgy, Illawarra Branch, 1975.
Subjects:

MARC

Tag First Indicator Second Indicator Subfields
LEADER 00000cam a2200000 i 4500
001 in00000087879
005 20151008063041.0
008 800102s1975 at ab b 10110 engm
010 |a  79319003  
015 |a Aus 
020 |a 090952050X 
035 |a (OCoLC)05946796 
035 |9 AAK1475AM 
040 |a DLC  |c DLC  |d m.c.  |d TXA  |d UtOrBLW 
043 |a u-at--- 
049 |a TXAM  |c [1561787] 
050 0 0 |a TN811 A8  |b  S87 1975 
082 0 |a 553/.24/0994 
111 2 |a Symposium on "Australian Black Coal, its Occurrence, Mining, Preparation, and Use"  |d (1975 :  |c University of Wollongong) 
245 1 0 |a Australian black coal :  |b its occurrence, mining, preparation, and use /  |c editor, A.C. Cook. 
264 1 |a Wollongong, N.S.W. :  |b Australasian Institute of Mining and Metallurgy, Illawarra Branch,  |c 1975. 
300 |a 291 pages :  |b illustrations, maps ;  |c 29 cm. 
336 |a text  |b txt  |2 rdacontent 
337 |a unmediated  |b n  |2 rdamedia 
338 |a volume  |b nc  |2 rdacarrier 
500 |a "Proceedings of the Symposium on Australian Black Coal, its Occurrence, Mining, Preparation, and Use, organised by the Illawarra Branch of the Australasian Institute of Mining and Metallurgy and held at the University of Wollongong on the 18th, 19th and 20th of February, 1975." 
504 |a Includes bibliographies and index. 
650 0 |a Bituminous coal  |z Australia  |x Congresses. 
700 1 |a Cook, A. C.  |q (Alan C.) 
710 2 |a Australasian Institute of Mining and Metallurgy.  |b Illawarra Branch. 
999 |a MARS 
999 f f |s 55bf0e97-81cb-35c0-be16-c126c60917f8  |i 1085c77a-22bc-39b4-be9b-23169ea8118c  |t 0 
952 f f |p ric  |a Texas A&M University  |b Rellis Campus  |c Joint Library Facility  |d Remote Storage  |t 0  |e TN811 A8 S87 1975  |h Library of Congress classification  |i unmediated -- volume  |m A14805975524 
998 f f |a TN811 A8 S87 1975  |t 0  |l Remote Storage